000 00617nam a2200229Ia 4500
003 OSt
005 20220928113615.0
006 a|||||r|||| 00| 0
007 ta
008 220927b |||||||| |||| 00| 0 eng d
024 _a54488
037 _cTextual
040 _aSDCL
_cSDCL
_beng
041 _2eng
_aeng
082 _aY:6.1(X)'N8, M0
100 _aHermassi Elbaki
_9434023
245 0 _aThird world reassessed
260 _aBerkeley
_bUniversity of California Press
_c1980
300 _avii,223p
_ccm.
942 _hY:6.1(X)'N8, M0
_cTEXL
_2CC
999 _c750419
_d750419